000 00590nam a2200181Ia 4500
008 240925s9999 xx 000 0 und d
020 _a9789339220921
082 _a004.35 HWA
100 _aHwang, Kai ; Jotwani, Naresh
245 0 _aAdvanced Computer Architecture: Parallelism, Scalability, Programmability
250 _a3rd
260 _aNew Delhi:
_bMcGraw Hill Education (India) Private Limited
_c,2016.
300 _aVarious pages
_b0
_fOriginal
500 _aIncludes Index
600 _aComputer Science
650 _aComputer science, information & general works
942 _cBK
999 _c13585
_d13585